[Event "IX Torneo Leonardo di Bona A"]
[Site "Cutro ITA"]
[Date "2003.04.24"]
[Round "2"]
[White "Ninov, Nikolai Ivanov"]
[Black "Oratovsky, Michael"]
[Result "1/2-1/2"]
[WhiteElo "2454"]
[BlackElo "2587"]
[PlyCount "61"]
[EventDate "2003.04.23"]

1. e4 d6 2. d4 Nf6 3. Nc3 Nbd7 4. f4 e5 5. dxe5 dxe5 6. Nf3 Bd6 7. Bb5 O-O 8.
Bxd7 Nxd7 9. f5 b6 10. Bg5 Nf6 11. a3 Ba6 12. Nd5 Be7 13. Bxf6 Bxf6 14. Qd2
Bh4+ 15. g3 Be7 16. O-O-O f6 17. Qc3 Bd6 18. Rd2 Qd7 19. g4 Qa4 20. Re1 Qc4 21.
Re3 Qa2 22. b4 c5 23. Nxb6 cxb4 24. axb4 Bxb4 25. Qxb4 Qa1+ 26. Qb1 Qxb1+ 27.
Kxb1 axb6 28. Rd7 Rf7 29. Rxf7 Kxf7 30. Rc3 Rc8 31. Rxc8 1/2-1/2

[Event "IX Torneo Leonardo di Bona A"]
[Site "Cutro ITA"]
[Date "2003.04.24"]
[Round "2"]
[White "Palac, Mladen"]
[Black "Chatalbashev, Boris"]
[Result "1/2-1/2"]
[WhiteElo "2587"]
[BlackElo "2525"]
[PlyCount "82"]
[EventDate "2003.04.23"]

1. e4 g6 2. d4 Bg7 3. Nc3 d6 4. Be3 a6 5. f4 b5 6. Bd3 Bb7 7. Nf3 Nd7 8. e5 c5
9. Be4 Bxe4 10. Nxe4 Nh6 11. dxc5 Nf5 12. Bf2 dxe5 13. g4 Nh6 14. g5 Nf5 15. c6
Nb8 16. Qxd8+ Kxd8 17. O-O-O+ Ke8 18. Nxe5 Bxe5 19. fxe5 Nxc6 20. e6 fxe6 21.
Nc5 e5 22. Rd3 Nd6 23. Re1 Rf8 24. Bg3 Rf5 25. h4 Kd8 26. a3 a5 27. b3 Ra7 28.
Rde3 a4 29. bxa4 bxa4 30. Bxe5 Nxe5 31. Rxe5 Kc7 32. Nd3 Rxe5 33. Rxe5 Nf5 34.
h5 Kd6 35. hxg6 hxg6 36. Re4 Ra5 37. Rb4 Ne3 38. Rb6+ Kc7 39. Rxg6 Rf5 40. Kd2
Nc4+ 41. Kc3 Nxa3 1/2-1/2

[Event "IX Torneo Leonardo di Bona A"]
[Site "Cutro ITA"]
[Date "2003.04.24"]
[Round "2"]
[White "Scerbo, Antonio"]
[Black "Georgiev, Vladimir"]
[Result "0-1"]
[WhiteElo "2092"]
[BlackElo "2552"]
[PlyCount "106"]
[EventDate "2003.04.23"]

1. d4 d6 2. e4 Nf6 3. Nc3 e5 4. dxe5 dxe5 5. Qxd8+ Kxd8 6. Bg5 c6 7. O-O-O+ Ke8
8. Nf3 Bg4 9. Be2 Nbd7 10. h3 Bxf3 11. Bxf3 Bc5 12. Bh4 Be7 13. Bxf6 Bxf6 14.
Bg4 Nf8 15. Rd3 h5 16. Bf3 Ne6 17. Ne2 Rd8 18. Rhd1 Nc5 19. Rxd8+ Bxd8 20. g3
h4 21. Bg2 Rh6 22. f4 hxg3 23. f5 Bh4 24. b4 Nd7 25. Rd3 Rh5 26. c4 Rg5 27. Rd6
Ke7 28. c5 g6 29. Kd2 Nf6 30. fxg6 Rxg6 31. Ke3 Rg8 32. Kf3 Ne8 33. Rh6 Bg5 34.
Rh5 Nf6 35. Rxg5 Rxg5 36. Nxg3 a5 37. a3 axb4 38. axb4 Rg8 39. Nf5+ Ke6 40. Bf1
Ra8 41. Bc4+ Kd7 42. Bxf7 Ra3+ 43. Kg2 Ra4 44. h4 Rxb4 45. h5 Rxe4 46. h6 Rf4
47. Ne3 Ke7 48. Bg6 Kf8 49. Kg3 Kg8 50. Bf5 Ne4+ 51. Kg2 Nxc5 52. h7+ Kh8 53.
Bc2 e4 0-1

[Event "IX Torneo Leonardo di Bona A"]
[Site "Cutro ITA"]
[Date "2003.04.24"]
[Round "2"]
[White "Stefanova, Antoaneta"]
[Black "Skembris, Spyridon"]
[Result "1-0"]
[WhiteElo "2550"]
[BlackElo "2448"]
[PlyCount "59"]
[EventDate "2003.04.23"]

1. d4 Nf6 2. Bg5 d5 3. e3 Nbd7 4. Nf3 h6 5. Bh4 c6 6. Bd3 Qb6 7. Qc1 e5 8. Bxf6
gxf6 9. Bf5 Qa6 10. Bxd7+ Bxd7 11. dxe5 Rg8 12. exf6 Rxg2 13. Nc3 Bb4 14. Qd2
O-O-O 15. a3 Bg4 16. Ne5 d4 17. exd4 Rxd4 18. Qe3 Rd8 19. Nxf7 Rf8 20. Nxh6
Bxc3+ 21. bxc3 Bd7 22. f7 Qc4 23. O-O-O Qe6 24. Rhg1 Rxg1 25. Rxg1 Qa2 26. Qe7
Qa1+ 27. Kd2 Qxg1 28. Qxf8+ Kc7 29. Qc5 Qg5+ 30. Qxg5 1-0

[Event "IX Torneo Leonardo di Bona A"]
[Site "Cutro ITA"]
[Date "2003.04.25"]
[Round "3"]
[White "Abatino, Maurizio"]
[Black "Ivanov, Jordan"]
[Result "1/2-1/2"]
[WhiteElo "2228"]
[BlackElo "2432"]
[PlyCount "85"]
[EventDate "2003.04.23"]

1. d4 f5 2. g3 g6 3. Bg2 Nf6 4. c4 d6 5. Nc3 Bg7 6. Nh3 O-O 7. d5 Bd7 8. Nf4
Na6 9. O-O Nc5 10. Rb1 Rb8 11. Qc2 e5 12. dxe6 Nxe6 13. Nxe6 Bxe6 14. b3 Nh5
15. e3 c6 16. Bb2 Qe7 17. Rbd1 Rbd8 18. Rd2 Rd7 19. Rfd1 Rfd8 20. Ba3 Nf6 21.
Bb4 h5 22. a4 h4 23. a5 a6 24. Na4 Ne8 25. Nb6 Rc7 26. Qd3 hxg3 27. hxg3 Bf8
28. Qe2 Qg5 29. Qf3 c5 30. Bc3 Nf6 31. Qf4 Qxf4 32. gxf4 Ne4 33. Bxe4 fxe4 34.
Nd5 Bxd5 35. Rxd5 Rcd7 36. Kg2 Bg7 37. Be5 Bf8 38. Kg3 Kf7 39. Kg4 Ke6 40. Bb2
Rh7 41. Rxc5 Be7 42. Rcd5 Rdh8 43. Bxh8 1/2-1/2

[Event "IX Torneo Leonardo di Bona A"]
[Site "Cutro ITA"]
[Date "2003.04.25"]
[Round "3"]
[White "Blasco, Domenico"]
[Black "Estremera Panos, Sergio"]
[Result "0-1"]
[WhiteElo "2053"]
[BlackElo "2370"]
[PlyCount "110"]
[EventDate "2003.04.23"]

1. Nf3 c5 2. g3 d5 3. Bg2 Nc6 4. d3 e5 5. Nbd2 Be6 6. O-O f6 7. c3 Bd6 8. a3 a5
9. e4 d4 10. cxd4 cxd4 11. Nc4 Nge7 12. Nxd6+ Qxd6 13. Bd2 O-O 14. Nh4 Ra6 15.
f4 exf4 16. Bxf4 Qd7 17. Nf3 Ng6 18. Qd2 Rb6 19. Rac1 Qd8 20. Rf2 Rb3 21. Qc2
Qb6 22. Rb1 Rc8 23. Qd1 Bg4 24. h3 Bxf3 25. Bxf3 Nce5 26. Bxe5 Nxe5 27. Be2
Rxb2 28. Rxb2 Qxb2 29. Bg4 Qc1 30. Be6+ Kf8 31. Rf1 Qxd1 32. Rxd1 Rc7 33. Kf2
Rc2+ 34. Kf1 Ke7 35. Bd5 b5 36. Rb1 Rc5 37. Ke2 Rc2+ 38. Kd1 Rc5 39. Ke2 Kd6
40. Bg8 Kc6 41. Bxh7 Rc2+ 42. Kd1 Rc3 43. Rc1 Rxc1+ 44. Kxc1 Nxd3+ 45. Kd2 Ne5
46. Bg8 Kc5 47. Kc2 Nc4 48. h4 Nxa3+ 49. Kd3 Nc4 50. h5 Ne5+ 51. Kc2 a4 52. Be6
b4 53. g4 b3+ 54. Kb2 Kb4 55. g5 fxg5 0-1

[Event "IX Torneo Leonardo di Bona A"]
[Site "Cutro ITA"]
[Date "2003.04.25"]
[Round "3"]
[White "Bondielli, Giorgio"]
[Black "Andonov, Bogomil"]
[Result "0-1"]
[WhiteElo "2009"]
[BlackElo "2290"]
[PlyCount "42"]
[EventDate "2003.04.23"]

1. e4 c6 2. d4 d5 3. Nc3 dxe4 4. Nxe4 Bf5 5. Ng3 Bg6 6. Bc4 e6 7. N1e2 Bd6 8.
Bf4 Nf6 9. O-O O-O 10. Qd2 c5 11. c3 Nc6 12. Rad1 Bxf4 13. Nxf4 cxd4 14. Nxg6
hxg6 15. cxd4 Qb6 16. b3 Rfd8 17. Ne2 Rd6 18. Qf4 Rad8 19. Rd2 Nxd4 20. Rfd1 e5
21. Qe3 Nf3+ 0-1

[Event "IX Torneo Leonardo di Bona A"]
[Site "Cutro ITA"]
[Date "2003.04.25"]
[Round "3"]
[White "Chatalbashev, Boris"]
[Black "Korneev, Oleg"]
[Result "0-1"]
[WhiteElo "2525"]
[BlackElo "2606"]
[PlyCount "82"]
[EventDate "2003.04.23"]

1. Nf3 d5 2. g3 c6 3. Bg2 Nf6 4. b3 Bg4 5. Bb2 Nbd7 6. d3 e6 7. Nbd2 Bd6 8. O-O
O-O 9. e4 e5 10. h3 Bh5 11. Qe1 Re8 12. Nh4 Nc5 13. a4 Bc7 14. b4 Ne6 15. Nf5
Bg6 16. Ne3 Qd7 17. a5 Rad8 18. h4 a6 19. Qd1 Qe7 20. Nf5 Qxb4 21. Ba3 Qc3 22.
Be7 Bxf5 23. Bxd8 Bg4 24. f3 Rxd8 25. fxg4 Bxa5 26. Rxa5 Qxa5 27. g5 Nxe4 28.
dxe4 dxe4 29. Bxe4 Rxd2 30. Bxh7+ Kf8 31. Qf3 Qc5+ 32. Kh1 Qd5 33. Be4 Qd7 34.
Bf5 Nd4 35. Qa3+ Qe7 36. Qc3 Nxf5 37. Rxf5 Rd5 38. g6 f6 39. Qf3 Qd7 40. Qh5
Rd1+ 41. Kg2 Ke7 0-1

[Event "IX Torneo Leonardo di Bona A"]
[Site "Cutro ITA"]
[Date "2003.04.25"]
[Round "3"]
[White "Drasko, Milan"]
[Black "Ninov, Nikolai Ivanov"]
[Result "1/2-1/2"]
[WhiteElo "2491"]
[BlackElo "2454"]
[PlyCount "53"]
[EventDate "2003.04.23"]

1. d4 Nf6 2. c4 e6 3. Nc3 Bb4 4. Qc2 d5 5. cxd5 Qxd5 6. Nf3 Qf5 7. Qxf5 exf5 8.
a3 Be7 9. Bg5 c6 10. e3 Be6 11. Nd2 a5 12. Be2 Nbd7 13. O-O Nd5 14. Nxd5 Bxd5
15. Bxe7 Kxe7 16. f3 Nf6 17. Rac1 Rhd8 18. Rfd1 Be6 19. Nc4 a4 20. Kf2 Ra7 21.
Ne5 Nd7 22. Nd3 Ra5 23. Nb4 Rda8 24. Rd2 Bb3 25. Bd1 Bxd1 26. Rcxd1 Nb6 27. Rc2
1/2-1/2

[Event "IX Torneo Leonardo di Bona A"]
[Site "Cutro ITA"]
[Date "2003.04.25"]
[Round "3"]
[White "Gangemi, Salvatore"]
[Black "Aleksieva, Silvia"]
[Result "0-1"]
[WhiteElo "2049"]
[BlackElo "2348"]
[PlyCount "102"]
[EventDate "2003.04.23"]

1. c4 e6 2. Nf3 d5 3. d4 Nf6 4. Bg5 Nbd7 5. e3 Be7 6. Nc3 O-O 7. Rc1 c6 8. Bd3
h6 9. Bh4 dxc4 10. Bxc4 b5 11. Bd3 Bb7 12. Qe2 c5 13. Bxf6 Bxf6 14. dxc5 Nxc5
15. Bb1 Bxc3+ 16. Rxc3 Ne4 17. Rd3 Qa5+ 18. Kf1 Rfd8 19. Nd4 Rac8 20. Nb3 Qc7
21. f3 Rxd3 22. Qxd3 Rd8 23. Qe2 Nf6 24. Kf2 Bd5 25. Nd4 Rc8 26. Qd2 Rd8 27.
Qc1 Rc8 28. Qxc7 Rxc7 29. Rd1 Kf8 30. e4 Bb7 31. Ke3 Ke7 32. Bd3 Nd7 33. f4 Rc8
34. Rd2 Nc5 35. b4 Nxd3 36. Rxd3 Rc4 37. a3 f6 38. g3 Kf7 39. e5 f5 40. Nb3 Bd5
41. Kd2 Rc6 42. Nc5 Ke7 43. h3 a5 44. g4 fxg4 45. hxg4 axb4 46. axb4 Rc8 47.
Ra3 Ra8 48. Rxa8 Bxa8 49. Ke3 g6 50. Nb3 Bd5 51. Nd4 Bc4 0-1

[Event "IX Torneo Leonardo di Bona A"]
[Site "Cutro ITA"]
[Date "2003.04.25"]
[Round "3"]
[White "Oratovsky, Michael"]
[Black "Genov, Petar"]
[Result "1-0"]
[WhiteElo "2587"]
[BlackElo "2490"]
[PlyCount "51"]
[EventDate "2003.04.23"]

1. e4 c5 2. Nf3 d6 3. Bb5+ Bd7 4. Bxd7+ Qxd7 5. O-O Nf6 6. e5 dxe5 7. Nxe5 Qd6
8. Qe2 Nbd7 9. Nc4 Qc6 10. Nc3 e6 11. b3 g6 12. f4 Bg7 13. f5 gxf5 14. Rxf5
O-O-O 15. Rg5 Bh6 16. Rg3 Bf4 17. Rf3 Bb8 18. Bb2 Rhg8 19. Nb5 Ne8 20. a4 a6
21. Rxf7 axb5 22. axb5 Qxb5 23. Rxd7 Rxd7 24. Qxe6 Rf8 25. Ra8 Qc6 26. Be5 1-0

[Event "IX Torneo Leonardo di Bona A"]
[Site "Cutro ITA"]
[Date "2003.04.25"]
[Round "3"]
[White "Sautto, Alessandra"]
[Black "Naumkin, Igor"]
[Result "0-1"]
[WhiteElo "1993"]
[BlackElo "2431"]
[PlyCount "45"]
[EventDate "2003.04.23"]

1. d4 f5 2. Nc3 Nf6 3. Bg5 e6 4. e4 fxe4 5. Nxe4 Be7 6. Nxf6+ Bxf6 7. h4 Qe7 8.
Bd3 Nc6 9. Qh5+ Qf7 10. Qxf7+ Kxf7 11. c3 b6 12. O-O-O Bb7 13. Be4 d5 14. Bf3
b5 15. Nh3 a5 16. Bxf6 gxf6 17. Rhe1 Ne7 18. Nf4 Ra6 19. Nd3 Rb6 20. Nc5 Ng6
21. Nd7 Rd6 22. Nc5 Rb6 23. Nd7 0-1

[Event "IX Torneo Leonardo di Bona A"]
[Site "Cutro ITA"]
[Date "2003.04.25"]
[Round "3"]
[White "Skembris, Spyridon"]
[Black "Georgieva, Liubka"]
[Result "1-0"]
[WhiteElo "2448"]
[BlackElo "2238"]
[PlyCount "53"]
[EventDate "2003.04.23"]

1. d4 e6 2. g3 Nf6 3. Bg2 d5 4. Nf3 Be7 5. c4 O-O 6. O-O dxc4 7. Ne5 Nc6 8.
Bxc6 bxc6 9. Nxc6 Qe8 10. Nxe7+ Qxe7 11. Qa4 c5 12. Qxc4 cxd4 13. Qxd4 Bb7 14.
Bg5 Rad8 15. Qh4 e5 16. Nc3 Qe6 17. Bxf6 gxf6 18. Rad1 Qc6 19. e4 Qe6 20. Nd5
Bxd5 21. exd5 Rxd5 22. Rxd5 Qxd5 23. Qxf6 Qxa2 24. Qg5+ Kh8 25. Qxe5+ f6 26.
Qd4 Qf7 27. Ra1 1-0

[Event "IX Torneo Leonardo di Bona A"]
[Site "Cutro ITA"]
[Date "2003.04.25"]
[Round "3"]
[White "Trabert, Bettina"]
[Black "Lazic, Miroljub"]
[Result "0-1"]
[WhiteElo "2292"]
[BlackElo "2508"]
[PlyCount "72"]
[EventDate "2003.04.23"]

1. e4 c5 2. Nf3 Nc6 3. d4 cxd4 4. Nxd4 Qc7 5. Nc3 e6 6. Be2 Nf6 7. Be3 Bb4 8.
O-O O-O 9. Ndb5 Qb8 10. a3 Be7 11. f4 d6 12. Bf3 Re8 13. Kh1 Bd7 14. g4 a6 15.
g5 Nxe4 16. Bxe4 axb5 17. Nxb5 Na5 18. Nd4 g6 19. b3 Bf8 20. Qd2 Nc6 21. a4
Nxd4 22. Bxd4 Bc6 23. Bxc6 bxc6 24. Bb2 Qb7 25. Qc3 e5 26. fxe5 Bg7 27. Rf6
Bxf6 28. gxf6 c5+ 29. Kg1 Rxe5 30. Qd2 Rh5 31. Rd1 Re8 32. Qf4 Re2 33. Qg3 h6
34. h4 Rxh4 35. Kf1 Rhh2 36. Rxd6 Qh1+ 0-1

[Event "IX Torneo Leonardo di Bona A"]
[Site "Cutro ITA"]
[Date "2003.04.25"]
[Round "3"]
[White "Voiska, Margarita"]
[Black "Isonzo, David"]
[Result "1/2-1/2"]
[WhiteElo "2354"]
[BlackElo "2340"]
[PlyCount "42"]
[EventDate "2003.04.23"]

1. c4 e6 2. Nf3 Nf6 3. g3 d5 4. d4 Bb4+ 5. Bd2 Be7 6. Bg2 O-O 7. O-O c6 8. Bf4
b6 9. Nc3 Nbd7 10. cxd5 Nxd5 11. Bd2 Bb7 12. e4 Nxc3 13. Bxc3 c5 14. Qe2 Nf6
15. Ne5 cxd4 16. Rfd1 Qc7 17. Bxd4 Rac8 18. Ng4 Nxg4 19. Qxg4 e5 20. Bc3 Rcd8
21. Qh5 f6 1/2-1/2

[Event "IX Torneo Leonardo di Bona A"]
[Site "Cutro ITA"]
[Date "2003.04.25"]
[Round "3"]
[White "Zelcic, Robert"]
[Black "Stefanova, Antoaneta"]
[Result "1-0"]
[WhiteElo "2540"]
[BlackElo "2550"]
[PlyCount "97"]
[EventDate "2003.04.23"]

1. e4 e5 2. Nf3 Nc6 3. d4 exd4 4. Nxd4 Bb4+ 5. c3 Bc5 6. Be3 Bb6 7. Qg4 Qf6 8.
Qg3 d6 9. Nb5 Bxe3 10. Qxe3 Qe7 11. c4 a6 12. N5c3 Nb4 13. Qd2 f5 14. a3 Nc6
15. Be2 Nf6 16. Nd5 Nxd5 17. exd5 Ne5 18. O-O O-O 19. f4 Ng4 20. Bd3 Qf6 21.
Qc3 Qh6 22. h3 Nf6 23. Qd4 Bd7 24. Nc3 Rae8 25. b4 Nh5 26. c5 Re7 27. c6 Bc8
28. b5 a5 29. b6 cxb6 30. Bb5 g5 31. Rae1 Rg7 32. Na4 g4 33. Re3 gxh3 34. Rxh3
Qg6 35. Rf2 Ng3 36. Nxb6 bxc6 37. dxc6 Be6 38. Bd3 Ne4 39. Re2 Qg4 40. Qe3 d5
41. c7 d4 42. Qxd4 Rxc7 43. Bxe4 fxe4 44. Ree3 Qxf4 45. Reg3+ Kf7 46. Nd5 Bxd5
47. Qxd5+ Ke8 48. Qe6+ Re7 49. Qc8+ 1-0

[Event "IX Torneo Leonardo di Bona A"]
[Site "Cutro ITA"]
[Date "2003.04.26"]
[Round "4"]
[White "Aleksieva, Silvia"]
[Black "Janev, Evgeni"]
[Result "0-1"]
[WhiteElo "2348"]
[BlackElo "2456"]
[PlyCount "46"]
[EventDate "2003.04.23"]

1. e4 Nf6 2. e5 Nd5 3. d4 d6 4. c4 Nb6 5. exd6 exd6 6. Nc3 Be7 7. Be3 O-O 8.
Nf3 Nc6 9. Rc1 Bg4 10. b3 f5 11. Qd2 Bxf3 12. gxf3 f4 13. Bxf4 Rxf4 14. Qxf4
Bg5 15. Qe4 Bxc1 16. Kd1 Bh6 17. Bd3 g6 18. h4 Qe7 19. Nb5 Rf8 20. Qxe7 Nxe7
21. Nxc7 Rxf3 22. Ke2 Rf8 23. a4 Nc6 0-1

[Event "IX Torneo Leonardo di Bona A"]
[Site "Cutro ITA"]
[Date "2003.04.26"]
[Round "4"]
[White "Estremera Panos, Sergio"]
[Black "Drasko, Milan"]
[Result "1/2-1/2"]
[WhiteElo "2370"]
[BlackElo "2491"]
[PlyCount "34"]
[EventDate "2003.04.23"]

1. d4 e6 2. c4 Nf6 3. Nc3 Bb4 4. e3 O-O 5. Bd3 d5 6. Nf3 b6 7. O-O Bb7 8. cxd5
exd5 9. Ne5 Bd6 10. f4 c5 11. Qf3 Nc6 12. Qh3 g6 13. Kh1 a6 14. Bd2 cxd4 15.
Nxc6 Bxc6 16. exd4 Ne4 17. Bxe4 dxe4 1/2-1/2

[Event "IX Torneo Leonardo di Bona A"]
[Site "Cutro ITA"]
[Date "2003.04.26"]
[Round "4"]
[White "Georgieva, Liubka"]
[Black "Voiska, Margarita"]
[Result "1/2-1/2"]
[WhiteElo "2238"]
[BlackElo "2354"]
[PlyCount "27"]
[EventDate "2003.04.23"]

1. e4 d6 2. d4 Nf6 3. Nc3 e5 4. Nf3 Nbd7 5. g3 Be7 6. Bg2 O-O 7. O-O c6 8. a4
b6 9. b3 Bb7 10. Bb2 Re8 11. Re1 a6 12. Qd2 Qc7 13. Rad1 Bf8 14. Nh4 1/2-1/2

[Event "IX Torneo Leonardo di Bona A"]
[Site "Cutro ITA"]
[Date "2003.04.26"]
[Round "4"]
[White "Isonzo, David"]
[Black "Ivanov, Jordan"]
[Result "1/2-1/2"]
[WhiteElo "2340"]
[BlackElo "2432"]
[PlyCount "123"]
[EventDate "2003.04.23"]

1. e4 c5 2. c3 Nf6 3. e5 Nd5 4. d4 cxd4 5. Qxd4 e6 6. Nf3 Nc6 7. Qe4 Qc7 8. g3
b6 9. Bg2 Bb7 10. O-O d6 11. exd6 Bxd6 12. Nbd2 Nf6 13. Qe2 O-O 14. Ne4 Nxe4
15. Qxe4 Nb4 16. Qb1 Nd5 17. Ng5 g6 18. Qe4 Rac8 19. Qe2 Qc4 20. Qxc4 Rxc4 21.
Ne4 Be7 22. Rd1 Rc7 23. Bh6 Rfc8 24. h4 b5 25. Rac1 a5 26. Nd2 a4 27. a3 Nb6
28. Bf4 Rd7 29. Bxb7 Rxb7 30. Ne4 Nd5 31. Bd6 Rc4 32. Rd4 Bd8 33. Rcd1 Rxd4 34.
Rxd4 Rd7 35. Bb4 Bb6 36. Rxd5 Rxd5 37. Nf6+ Kg7 38. Nxd5 exd5 39. Kf1 Kf6 40.
Ke2 h5 41. Bd6 d4 42. Kd3 Ke6 43. Bf4 Kd5 44. f3 dxc3 45. Kxc3 Bf2 46. Kb4 Kc6
47. Kc3 Be1+ 48. Kd3 Kd5 49. Ke2 Ba5 50. Kd3 f6 51. Bb8 Bb6 52. Kc3 Bd4+ 53.
Kc2 Kc4 54. Bf4 Bf2 55. Bc7 g5 56. g4 hxg4 57. hxg5 fxg5 58. fxg4 Be3 59. Bd8
Kd4 60. b3 Ke4 61. bxa4 bxa4 62. Kc3 1/2-1/2

[Event "IX Torneo Leonardo di Bona A"]
[Site "Cutro ITA"]
[Date "2003.04.26"]
[Round "4"]
[White "Korneev, Oleg"]
[Black "Zelcic, Robert"]
[Result "1-0"]
[WhiteElo "2606"]
[BlackElo "2540"]
[PlyCount "97"]
[EventDate "2003.04.23"]

1. e4 c6 2. c4 d5 3. exd5 cxd5 4. cxd5 Nf6 5. Nc3 Nxd5 6. Nf3 Nc6 7. d4 Bg4 8.
Qb3 Bxf3 9. gxf3 Nb6 10. d5 Nd4 11. Bb5+ Nd7 12. Qa4 Nxf3+ 13. Kd1 a6 14. Bxd7+
Qxd7 15. Qe4 Qh3 16. Qa4+ Qd7 17. Qe4 Qh3 18. Ke2 Nh4 19. Be3 f5 20. Qf4 Rd8
21. Rag1 Ng2 22. Qg5 Nxe3 23. Rg3 Qh6 24. Qxh6 gxh6 25. fxe3 Rd6 26. Rf1 Rf6
27. Rgf3 Rg8 28. Rxf5 Rxf5 29. Rxf5 Rg1 30. Rf1 Rg2+ 31. Rf2 Rg1 32. Ne4 b6 33.
b3 Bg7 34. Ng3 Be5 35. Kf3 Rc1 36. Ke4 Bc7 37. Rg2 Bxg3 38. hxg3 h5 39. Rh2 Ra1
40. Ke5 Kd7 41. e4 b5 42. Rxh5 Rxa2 43. Rxh7 b4 44. g4 Ra3 45. g5 Rxb3 46. d6
Rg3 47. Rxe7+ Kc6 48. Rc7+ Kb6 49. Rc8 1-0

[Event "IX Torneo Leonardo di Bona A"]
[Site "Cutro ITA"]
[Date "2003.04.26"]
[Round "4"]
[White "Lazic, Miroljub"]
[Black "Naumkin, Igor"]
[Result "1-0"]
[WhiteElo "2508"]
[BlackElo "2431"]
[PlyCount "111"]
[EventDate "2003.04.23"]

1. e4 e5 2. Bc4 Nf6 3. d3 Nc6 4. Nf3 Bc5 5. c3 d6 6. O-O Bb6 7. Bb3 O-O 8. Nbd2
a6 9. Nc4 Ba7 10. Bg5 h6 11. Bh4 g5 12. Bg3 Ne7 13. Re1 b5 14. Ne3 Ng6 15. d4
Bb7 16. dxe5 dxe5 17. Nxe5 Nxe5 18. Bxe5 Qxd1 19. Raxd1 Nxe4 20. Bxc7 Rae8 21.
Ba5 Re5 22. Ng4 Rfe8 23. Rxe4 Rxe4 24. Nf6+ Kg7 25. Nxe8+ Rxe8 26. Kf1 Bc6 27.
Rd6 Be4 28. c4 Bc5 29. Bc3+ Kg8 30. Rd1 Bc6 31. Bd4 bxc4 32. Bxc5 cxb3 33. axb3
Bb5+ 34. Kg1 h5 35. h4 gxh4 36. Rd5 f6 37. Bd4 h3 38. gxh3 Kf7 39. Rxh5 Rg8+
40. Kh2 Rg5 41. Rh8 Bc6 42. h4 Rg4 43. Be3 Rg2+ 44. Kh3 Rg8 45. Rh5 Bd7+ 46.
Kh2 Rg4 47. f3 Rg8 48. Bd4 Bc6 49. Rf5 Rg6 50. h5 Rh6 51. Be3 Rh8 52. Kg3 Rg8+
53. Kf2 Rd8 54. h6 Rd5 55. h7 Rd8 56. Bd4 1-0

[Event "IX Torneo Leonardo di Bona A"]
[Site "Cutro ITA"]
[Date "2003.04.26"]
[Round "4"]
[White "Ninov, Nikolai Ivanov"]
[Black "Skembris, Spyridon"]
[Result "1/2-1/2"]
[WhiteElo "2454"]
[BlackElo "2448"]
[PlyCount "47"]
[EventDate "2003.04.23"]

1. e4 e5 2. Nf3 Nc6 3. Bb5 a6 4. Ba4 Nf6 5. O-O Be7 6. Qe2 b5 7. Bb3 d6 8. a4
Bg4 9. c3 O-O 10. Re1 Na5 11. Bc2 b4 12. h3 Bxf3 13. Qxf3 c5 14. d3 Rb8 15. Nd2
Nd7 16. Nf1 Bg5 17. Ne3 Nf6 18. Bd2 bxc3 19. bxc3 Nb3 20. Bxb3 Rxb3 21. Reb1
Bxe3 22. Bxe3 Qb6 23. Rxb3 Qxb3 24. Bg5 1/2-1/2

[Event "IX Torneo Leonardo di Bona A"]
[Site "Cutro ITA"]
[Date "2003.04.26"]
[Round "4"]
[White "Palac, Mladen"]
[Black "Collas, Didier"]
[Result "1/2-1/2"]
[WhiteElo "2587"]
[BlackElo "2424"]
[PlyCount "131"]
[EventDate "2003.04.23"]

1. e4 c5 2. Nf3 d6 3. d4 cxd4 4. Nxd4 Nf6 5. Nc3 a6 6. Bc4 e6 7. Bb3 b5 8. O-O
Be7 9. Qf3 Qc7 10. Qg3 Nc6 11. Nxc6 Qxc6 12. Re1 Bb7 13. a3 Rd8 14. f3 O-O 15.
Bh6 Ne8 16. Rad1 Kh8 17. Bg5 Bxg5 18. Qxg5 Nf6 19. Rd2 Rd7 20. Red1 Rfd8 21.
Qe3 Qc5 22. Qf2 Kg8 23. Rd3 Kf8 24. Ne2 Qxf2+ 25. Kxf2 Ke7 26. a4 Rc8 27. axb5
axb5 28. Rd4 Bc6 29. Rb4 Rb7 30. Nd4 Bd7 31. Ra1 Rc5 32. Ne2 Ne8 33. Rd4 Rcc7
34. Nf4 Ra7 35. Rdd1 Nf6 36. Nd3 Be8 37. Nb4 Rxa1 38. Rxa1 Nd7 39. c3 Nc5 40.
Bd1 Na4 41. Nd3 g5 42. Ke3 Bd7 43. Kd2 Kf6 44. Be2 Rc8 45. Ke3 h6 46. g3 Ke7
47. Bd1 Bc6 48. Be2 Ra8 49. Nb4 Bd7 50. Bd3 Nb6 51. Rf1 Na4 52. Ra1 Nb6 53. Rb1
Kf6 54. Kd2 Na4 55. Bc2 Rg8 56. Ke3 h5 57. Nd3 h4 58. g4 Rc8 59. b3 Nc5 60. Ra1
Nxd3 61. Bxd3 Ke5 62. Ra7 Be8 63. Rb7 Rc5 64. Re7 Rc8 65. Rb7 Rc5 66. Re7
1/2-1/2

[Event "IX Torneo Leonardo di Bona A"]
[Site "Cutro ITA"]
[Date "2003.04.26"]
[Round "4"]
[White "Scerbo, Antonio"]
[Black "Calzetta Ruiz, Monica"]
[Result "0-1"]
[WhiteElo "2092"]
[BlackElo "2253"]
[PlyCount "78"]
[EventDate "2003.04.23"]

1. d4 Nf6 2. c4 c5 3. d5 b5 4. cxb5 a6 5. Nc3 axb5 6. e4 b4 7. Nb5 d6 8. Bf4 g5
9. Bxg5 Nxe4 10. Bf4 Nf6 11. Bc4 Bg7 12. Qe2 Kf8 13. Nf3 Ba6 14. O-O Bxb5 15.
Bxb5 Nxd5 16. Bg3 Nc7 17. Bc4 Nc6 18. Rad1 Bf6 19. Rfe1 Qd7 20. Qe3 Qg4 21. Be2
Qd7 22. Qh6+ Bg7 23. Qh5 Nd4 24. Bc4 Qf5 25. Ng5 Nde6 26. Bxe6 Nxe6 27. Rxe6
fxe6 28. Nxe6+ Qxe6 29. Qf3+ Bf6 30. Qxa8+ Kg7 31. Qa7 Qe2 32. Rf1 Qd3 33. b3
Rf8 34. Qd7 Rf7 35. Qg4+ Kh8 36. h3 Bd4 37. Qh5 Kg7 38. Qg5+ Qg6 39. Qd5 h6 0-1

[Event "IX Torneo Leonardo di Bona A"]
[Site "Cutro ITA"]
[Date "2003.04.26"]
[Round "4"]
[White "Stefanova, Antoaneta"]
[Black "Andonov, Bogomil"]
[Result "1/2-1/2"]
[WhiteElo "2550"]
[BlackElo "2290"]
[PlyCount "112"]
[EventDate "2003.04.23"]

1. d4 c6 2. c4 Nf6 3. Nc3 d5 4. cxd5 cxd5 5. Bf4 Nc6 6. e3 a6 7. Bd3 Bg4 8.
Nge2 e6 9. O-O Be7 10. Rc1 O-O 11. Na4 Nd7 12. f3 Bh5 13. Qb3 Nb4 14. Bc7 Qe8
15. Bb1 b5 16. Nb6 Nxb6 17. Bxb6 Bg6 18. e4 dxe4 19. fxe4 Rb8 20. Bc5 Nc6 21.
Bxe7 Nxe7 22. Qa3 Qd7 23. Qxa6 Bh5 24. Nf4 Qxd4+ 25. Kh1 Bg4 26. Qa3 e5 27.
Qxe7 exf4 28. Qh4 Be6 29. b3 Rfd8 30. Qxf4 b4 31. Qf2 Qxf2 32. Rxf2 g6 33. Kg1
h5 34. Re2 Kg7 35. Kf2 Bg4 36. Rb2 h4 37. h3 Be6 38. Ke3 Rb5 39. Bd3 Re5 40.
Rc7 Rg5 41. Bf1 Rg3+ 42. Kf2 Kf6 43. Be2 Ke5 44. Rb7 Rd4 45. Bf3 g5 46. Re2 Bd7
47. Ke3 g4 48. hxg4 h3 49. gxh3 Rxh3 50. Kf2 Kf4 51. Bg2 Rc3 52. e5 Be6 53. Rb6
Bxg4 54. Rf6+ Kg5 55. Bf3 Bxf3 56. Rxf3 Rxf3+ 1/2-1/2

[Event "IX Torneo Leonardo di Bona A"]
[Site "Cutro ITA"]
[Date "2003.04.27"]
[Round "5"]
[White "Andonov, Bogomil"]
[Black "Ninov, Nikolai Ivanov"]
[Result "1/2-1/2"]
[WhiteElo "2290"]
[BlackElo "2454"]
[PlyCount "33"]
[EventDate "2003.04.23"]

1. d4 Nf6 2. c4 e6 3. Nc3 d5 4. cxd5 exd5 5. Bg5 Be7 6. e3 c6 7. Bd3 Bg4 8.
Nge2 Bh5 9. O-O Bg6 10. Rb1 a5 11. a3 Nbd7 12. Nf4 Bxd3 13. Nxd3 O-O 14. Bxf6
Bxf6 15. b4 axb4 16. axb4 b5 17. Qb3 1/2-1/2

[Event "IX Torneo Leonardo di Bona A"]
[Site "Cutro ITA"]
[Date "2003.04.27"]
[Round "5"]
[White "Bondielli, Giorgio"]
[Black "Isonzo, David"]
[Result "0-1"]
[WhiteElo "2009"]
[BlackElo "2340"]
[PlyCount "132"]
[EventDate "2003.04.23"]

1. e4 e5 2. Nf3 Nc6 3. d4 exd4 4. Bc4 Nf6 5. O-O d6 6. Nxd4 Be7 7. Nc3 O-O 8.
Be3 a6 9. Nxc6 bxc6 10. Qf3 Ng4 11. Bf4 Bf6 12. h3 Ne5 13. Bxe5 Bxe5 14. Qe3
Bf6 15. Rad1 Qe7 16. b3 Re8 17. Qf3 Qe5 18. Rd3 a5 19. Rfd1 Be6 20. Bxe6 Rxe6
21. Re3 Qc5 22. Rdd3 a4 23. Nxa4 Qxc2 24. Qe2 Qc1+ 25. Rd1 Qa3 26. Qc2 c5 27.
Kf1 h6 28. Re2 Qb4 29. Rc1 Rae8 30. Ree1 Bd4 31. Qd3 Bf6 32. Re3 Ra8 33. Ree1
Qb7 34. Re2 Rae8 35. Rce1 Kh8 36. Qc4 Bd4 37. Qd3 Qb4 38. Qc2 Qb5 39. Kg1 f5
40. Nc3 Bxc3 41. Qxc3 fxe4 42. a4 Qb7 43. f3 d5 44. fxe4 dxe4 45. Qc4 e3 46.
Qd3 Qb6 47. Qc3 Re5 48. Kh1 Qb4 49. Rc1 Qd4 50. Kg1 Rf8 51. Qe1 Rd8 52. Qg3 Qd3
53. Rce1 Rde8 54. a5 Qxb3 55. a6 Qa3 56. Kh1 Qxa6 57. Rxe3 Rxe3 58. Rxe3 Rxe3
59. Qxe3 Qc6 60. Qe7 c4 61. Qf8+ Kh7 62. Qf5+ Qg6 63. Qc5 Qd3 64. Qxc7 c3 65.
Qc5 c2 66. Kh2 Qe4 0-1